Von Küste zu Küste : Prä-Kolumbische Skulpturen aus Meso-Amerika = From Coast to Coast : Pre-Columbian Sculptures from Mesoamerica /
Shranjeno v:
| Korporativna značnica: | |
|---|---|
| Drugi avtorji: | , , , , |
| Format: | Knjiga |
| Jezik: | German |
| Izdano: |
Kassel, Alemania :
Staatliche Museen des Kassel : Weber und Weidemeyer,
1992, c1992
|
| Teme: | |
| Oznake: |
Brez oznak, prvi označite!
|
MARC
| LEADER | 00000nam^a2200000^a^4500 | ||
|---|---|---|---|
| 001 | 000585180 | ||
| 005 | 20250526000000.0 | ||
| 009 | 20260310132724.982 | ||
| 020 | |a 3-925272-33-X | ||
| 037 | |a Acervo ITESO - Biblioteca | ||
| 041 | |a ALE | ||
| 091 | |a FCO. 01107 | ||
| 110 | |a Staatliche Museen | ||
| 245 | 1 | 0 | |a Von Küste zu Küste : |b Prä-Kolumbische Skulpturen aus Meso-Amerika = From Coast to Coast : Pre-Columbian Sculptures from Mesoamerica / |c Staatliche Museen ; ed. y pról. de P. Gercke, U. Schmidt ; texto de T.J.J. Leyenaar, G.W. van Bussel, G. Weber. |
| 264 | 4 | |a Kassel, Alemania : |b Staatliche Museen des Kassel : |b Weber und Weidemeyer, |c 1992, c1992 | |
| 300 | |a XVI, 423 p. ; |c 28.5 cm. | ||
| 336 | |a texto |b txt |2 rdacontenido | ||
| 337 | |a sin mediación |b n |2 rdamedio | ||
| 338 | |a volumen |b nc |2 rdasoporte | ||
| 546 | |a Edición bilingüe alemán-inglés | ||
| 561 | |a Ex libris de Eric E. Coufal, arquitecto | ||
| 649 | |a XX | ||
| 650 | |a Staatliche Museen | ||
| 650 | |a Museos y Galerías - |z Kessel, Alemania - |x Exposiciones - |x Catálogos | ||
| 650 | |a Museos y Galerías - |z Alemania - |x Exposiciones - |x Catálogos | ||
| 650 | |a Escultura Prehispánica - |z México - |x Historia y Crítica | ||
| 650 | |a Escultura Prehispánica - |z Colombia - |x Historia y Crítica | ||
| 650 | |a Escultura Prehispánica - |z América Central - |x Historia y Crítica | ||
| 650 | |a Escultura Prehispánica - |x Exposiciones - |x Catálogos - |x Tema Principal | ||
| 650 | |a Escultura Prehispánica - |x Historia y Crítica - |x Tema Principal | ||
| 650 | |a Escultura Mexicana - |x Historia y Crítica | ||
| 650 | |a Escultura Colombiana - |x Historia y Crítica | ||
| 650 | |a Escultura Centroamericana - |x Historia y Crítica | ||
| 650 | |a Arte Prehispánico - |z México - |x Historia y Crítica | ||
| 650 | |a Arte Prehispánico - |z Colombia - |x Historia y Crítica | ||
| 650 | |a Arte Prehispánico - |z América Central - |x Historia y Crítica | ||
| 650 | |a Arte Prehispánico - |x Exposiciones - |x Catálogos | ||
| 650 | |a Arte Prehispánico - |x Historia y Crítica | ||
| 650 | |a Arte Mexicano - |x Historia y Crítica | ||
| 650 | |a Arte Colombiano - |x Historia y Crítica | ||
| 650 | |a Arte Centroamericano - |x Historia y Crítica | ||
| 700 | |a Gercke, Peter |e (edición y prólogo) | ||
| 700 | |a Schmdit, Ulrich |e (edición y prólogo) | ||
| 700 | |a Leyenaar, Ted J.J. |e (texto) | ||
| 700 | |a Bussel, Gerard W. van |e (texto) | ||
| 700 | |a Weber, Gesine |e (texto) | ||
| 910 | |a Fondo Erich Coufal Kieswetter | ||
| 920 | |a Impresos - Libros | ||
| 930 | |a Libros Antiguos y Raros | ||
| 905 | |a 142 | ||
| 901 | |a 0500407783 |b IT2 |c LRA |i D |u 20250526 | ||
| 902 | |a https://opac.biblio.iteso.mx/vufind/Record/000585180 | ||